书目信息 |
| 题名: |
化学计算必备
|
|
| 作者: | 北出健治等合 著 | |
| 分册: | ||
| 出版信息: | 天津 天津科学技术出版社 1984.01 |
|
| 页数: | 325页 | |
| 开本: | 32开 | |
| 丛书名: | ||
| 单 册: | ||
| 中图分类: | O6-05 | |
| 科图分类: | ||
| 主题词: | 化学--理论 , 化学--方法 | |
| 电子资源: | ||
| ISBN: | ||
| 000 | 00582nam0 2200205 45 | |
| 001 | 0006211664 | |
| 005 | 20000621160336.4 | |
| 010 | @d1.50元 | |
| 100 | @a20000621d1984 km y0chiy0120 ea | |
| 101 | 0 | @achi |
| 105 | @a z 000yy | |
| 200 | 1 | @a化学计算必备@AHua Xue Ji Suan Bi Bei@f(日)北出健治等合著@F(Ri)Bei Chu Jian Zhi Deng He Zhu |
| 210 | @a天津@c天津科学技术出版社@d1984.01 | |
| 215 | @a325页@d32开 | |
| 606 | 0 | @a化学@x理论 |
| 606 | 0 | @a化学@x方法 |
| 690 | @aO6-05@v3 | |
| 701 | 0 | @a北出健治等合@4著 |
| 801 | @aCN@bPftUser@c20000621 | |
| 905 | @b208957-959@dO6-05@eB341@f3 | |
| 化学计算必备/(日)北出健治等合著.-天津:天津科学技术出版社,1984.01 |
| 325页;32开 |
| ISBN :1.50元 |
| ● |
| 相关链接 |
|
|
|
正题名:化学计算必备
索取号:O6-05/B341
 
预约/预借
| 序号 | 登录号 | 条形码 | 馆藏地/架位号 | 状态 | 备注 |
| 1 | 208957 | 202089578 | 自科二线504/504自科库 26排1列3层/ [索取号:O6-05/B341] | 在馆 | |
| 2 | 208958 | 202089587 | 自科二线504/504自科库 26排1列3层/ [索取号:O6-05/B341] | 在馆 | |
| 3 | 208959 | 202089596 | 自科二线504/504自科库 26排1列3层/ [索取号:O6-05/B341] | 在馆 |